Silence : The Currency of Power /

Na minha lista:
Detalhes bibliográficos
Autor principal: Achino-Loeb, Maria-Luisa (ed.)
Formato: Livro
Idioma:inglês
Publicado em: Nueva York, EUA : Berghahn Books, 2006, c2006
Assuntos:
Tags: Adicionar Tag
Sem tags, seja o primeiro a adicionar uma tag!

MARC

LEADER 00000nam^a2200000^a^4500
001 000273037
005 20250521000000.0
009 20260310111119.424
020 |a 1-84545-131-7 
037 |a Acervo ITESO - Biblioteca 
041 |a ING 
082 |a 306. 2  |b ACH 
100 |a Achino-Loeb, Maria-Luisa  |e (ed.) 
245 1 0 |a Silence :  |b The Currency of Power /  |c Ed. de M.L. Achino-Loeb. 
264 4 |a Nueva York, EUA :  |b Berghahn Books,  |c 2006, c2006 
300 |a VIII, 183 p. 
336 |a texto  |b txt  |2 rdacontenido 
337 |a sin mediación  |b n  |2 rdamedio 
338 |a volumen  |b nc  |2 rdasoporte 
649 |a XX 
650 |a Silencio -  |x Aspectos Políticos -  |x Tema Principal 
650 |a Poder (Ciencias Sociales) 
650 |a Control Político 
650 |a Cultura Política 
650 |a Etnografía 
650 |a Sociología Política 
910 |a Fondo General 
920 |a Impresos - Libros 
930 |a Colección General 
905 |a 101 
901 |a 0500158684  |b IT1  |c ACC  |u 20250521 
902 |a https://opac.biblio.iteso.mx/vufind/Record/000273037